000 002890000a22000970004500
100 1 _aMing Ng, Peter Tze
245 1 0 _aHistorical archives in chinese christian colleges from before 1949
300 _aVol. 20, Núm 3 (1996), Páginas 106-108
773 0 _tInternational Bulletin
942 _cANA
999 _c57393
_d57393